| 000 | 01204nam a22003257a 4500 | ||
|---|---|---|---|
| 003 | DO-SdBNP | ||
| 005 | 20240125101202.0 | ||
| 008 | 180205b 1987 sp |||| 00| 0 spa d | ||
| 020 | _a8485351991 | ||
| 040 |
_aBPMSU _bspa _cBPMSU |
||
| 082 | 4 |
_a618.92 _bW177n 1987 _222 |
|
| 100 | 1 | _aWalker, Peter | |
| 245 | 1 | 0 |
_aNiños felices : _bcómo tener y criar niños sanos desde el embarazo a los tres años / _cPeter y Fiona Walker ; traducción Jimmy Clark, Begoña Orive ; ilustraciones Peter Mennim, Binny Mathews. |
| 260 |
_aBarcelona : _bIntegral Ediciones, _c1987 |
||
| 300 |
_a141 p. : _bil. ; _c25 cm |
||
| 490 | 0 |
_aLos libros de integral ; _v21 |
|
| 500 | _3Incluye bibliografía e índice. | ||
| 534 |
_aTítulo original : _tNatural parenting. A practical guide for fathers and mothers: conception to age 3. |
||
| 590 | _aInventariado, 2024/VM | ||
| 650 | 4 | _aEmbarazo. | |
| 650 | 4 |
_aNiños _x Cuidado e higiene. |
|
| 650 | 4 |
_aNiños _xCrecimiento |
|
| 650 | 4 | _aParto. | |
| 700 | 1 |
_aClark, Jimmy, _etr. |
|
| 700 | 1 |
_aOrive, Begoña _etr. |
|
| 700 | 1 |
_aMennim, Peter, _eil. |
|
| 700 | 1 |
_aMathews, Binny, _eil. |
|
| 910 | _aVMateo V. Control de calidad. BPMSU | ||
| 942 |
_2ddc _cBK |
||
| 999 |
_c13255 _d13255 |
||